First 30 Elements - Statistics

General Stats
  • This quiz has been taken 1,088 times
  • The average score is 26 of 30
Answer Stats
Symbol Element % Correct
He Helium
99%
H Hydrogen
99%
Li Lithium
98%
C Carbon
97%
N Nitrogen
97%
Mg Magnesium
96%
O Oxygen
96%
Be Beryllium
94%
B Boron
94%
Ne Neon
94%
Al Aluminium
93%
Na Sodium
93%
Ar Argon
92%
F Fluorine
92%
Si Silicon
92%
Cl Chlorine
91%
P Phosphorus
91%
K Potassium
91%
S Sulfur
90%
Ca Calcium
89%
Ti Titanium
85%
Zn Zinc
82%
Fe Iron
80%
Co Cobalt
77%
Cu Copper
77%
Sc Scandium
74%
Mn Manganese
73%
Ni Nickel
73%
V Vanadium
71%
Cr Chromium
70%
No matching quizzes found
Score Distribution
Percent of People with Each Score
Percentile by Number Answered
Your Score History
You have not taken this quiz